000 01188 a2200181 4500
003 Nust
005 20221205093340.0
020 _a813070613x
040 _cNust
082 _a150.72,STA
100 _a Warren, Charles,
_938246
245 _aThe Supreme Court in United States history /
_cCharles Warren
260 _aNew Delhi
_bCosmo Publication
_c2007
300 _a812 p;
505 _aChief Justice Taney and Whig Pessimism (Page-1), Corporation and Slavery (Page-39), Federal Powers Tyler and the Girand Will Case (Page-83), State Powers Commerce and Boundaries (Page-134), Slavery and State Defiance (Page-279), The Booth Case and Congressional at Tacks (Page-320), Civil War and Chief Justice Chase (Page-358), The Milligan Case (Page-418), Reconstruction (Page-455), The Legeal Tender Case (Page-498 ), The Slaughterhouse Cases and the Death of Chase (Page-533), Chief Justice Waite and the Fourteenth Amendment (Page-562), The Civil Rights Acts (Page-600), Increase of Nationalism (Page-622), Expansion of Judicial Powers (Page-663), Chief Justice Fuller and White (Page-690), Commerce and the Police Powers (Page-729).
650 _aHistory
942 _2ddc
_cBK
_k150.72,STA
999 _c176888
_d176888